[Event "PNWCC Masters 2020"]
[Site "chess.com INT"]
[Date "2020.05.23"]
[Round "1.23"]
[White "Aditya, Mittal"]
[Black "Li, Jason"]
[Result "1-0"]
[WhiteTitle "IM"]
[WhiteElo "2438"]
[BlackElo "1843"]
[WhiteFideId "35042025"]
[BlackFideId "30909058"]
[EventDate "2020.05.23"]

1. d4 Nf6 2. c4 g6 3. Nc3 Bg7 4. e4 d6 5. Be2 O-O 6. Be3 e5 7. d5 a5 8. g4 Na6
9. h4 Nd7 10. h5 Ndc5 11. Nh3 Bd7 12. Qd2 f5 13. hxg6 f4 14. gxh7+ Kh8 15. Bxc5
Nxc5 16. f3 Qe7 17. O-O-O Rab8 18. Nf2 b6 19. Nd3 Rb7 20. Rdg1 Rfb8 21. g5 Na4
22. Nb5 c6 23. dxc6 Bxc6 24. Kb1 d5 25. exd5 Bxb5 26. cxb5 e4 27. Nxf4 Qd6 28.
fxe4 Bxb2 29. Rh6 Qa3 30. Bc4 Bc3 31. Qc2 Bd4 32. Qb3 Qxb3+ 33. axb3 Bxg1 34.
Ng6+ Kg7 35. bxa4 Be3 36. h8=Q+ Rxh8 37. Nxh8 Bxg5 38. Rg6+ 1-0

[Event "PNWCC Masters 2020"]
[Site "chess.com INT"]
[Date "2020.05.23"]
[Round "1.24"]
[White "Tay, Brian"]
[Black "Sarkar, Justin"]
[Result "0-1"]
[BlackTitle "IM"]
[WhiteElo "1898"]
[BlackElo "2380"]
[WhiteFideId "30941083"]
[BlackFideId "2010011"]
[EventDate "2020.05.23"]

1. e4 e5 2. Nf3 Nc6 3. Bb5 a6 4. Ba4 d6 5. O-O Nf6 6. Re1 Bd7 7. c3 Be7 8. d4
O-O 9. Nbd2 exd4 10. cxd4 Nb4 11. Bxd7 Nxd7 12. Nf1 c5 13. a3 Nc6 14. Ng3 Bf6
15. Be3 g6 16. Rc1 Re8 17. Qd2 cxd4 18. Nxd4 Nxd4 19. Bxd4 Nc5 20. Bxf6 Qxf6 21.
Re3 Rad8 22. b4 Ne6 23. Rf3 Qe5 24. h4 d5 25. exd5 Rxd5 26. Qc3 Qxc3 27. Rfxc3
f5 28. Re1 Kf7 29. h5 g5 30. Rf3 Nd4 31. Rfe3 Rxe3 32. fxe3 Nc2 33. Rc1 Nxe3 34.
Rc7+ Ke6 35. Rxb7 Rd2 36. Nf1 Rxg2+ 37. Kh1 Re2 38. Nxe3 Rxe3 39. Rxh7 f4 40.
Rh6+ Kf5 41. Rxa6 f3 42. Kg1 Kf4 43. Rg6 g4 44. h6 g3 45. Kf1 Rxa3 46. Rf6+ Kg5 0-1

[Event "PNWCC Masters 2020"]
[Site "chess.com INT"]
[Date "2020.05.23"]
[Round "1.25"]
[White "Nguyen, Duc Hoa"]
[Black "Ho, Cooper"]
[Result "1-0"]
[WhiteTitle "GM"]
[WhiteElo "2406"]
[BlackElo "1663"]
[WhiteFideId "12401358"]
[BlackFideId "30964610"]
[EventDate "2020.05.23"]

1. e4 e5 2. Nf3 Nc6 3. d4 exd4 4. Nxd4 Qf6 5. Nxc6 Bc5 6. Qf3 dxc6 7. Bc4 Qxf3
8. gxf3 Ne7 9. Nd2 Be6 10. Bxe6 fxe6 11. Nb3 Bb6 12. a4 a6 13. a5 Ba7 14. Be3
Bxe3 15. fxe3 O-O-O 16. Ke2 e5 17. Rag1 Rhg8 18. Rg5 Ng6 19. Nc5 Rd6 20. h4 Rgd8
21. Nd3 c5 22. b3 h6 23. Rf5 b6 24. h5 Ne7 25. Rf7 Nc6 26. Rg1 Nb4 27. Rgxg7
Nxc2 28. Rxc7+ Kb8 29. Nxe5 Rd2+ 30. Kf1 Nxe3+ 31. Kg1 Rd1+ 32. Kf2 Ng4+ 33.
fxg4 R1d2+ 34. Ke3 1-0

[Event "PNWCC Masters 2020"]
[Site "chess.com INT"]
[Date "2020.05.23"]
[Round "1.28"]
[White "Samant, Neil"]
[Black "Kumar, Nikhil"]
[Result "0-1"]
[BlackTitle "FM"]
[WhiteElo "1764"]
[BlackElo "2328"]
[WhiteFideId "30951860"]
[BlackFideId "30909040"]
[EventDate "2020.05.23"]

1. e4 e5 2. Nf3 Nc6 3. Bc4 Bc5 4. O-O Nf6 5. d3 O-O 6. c3 d6 7. a4 a6 8. Nbd2 h6
9. h3 Ba7 10. Bb3 Be6 11. Re1 Nh5 12. Nf1 Qf6 13. Be3 Ne7 14. Bxa7 Rxa7 15. Ne3
Nf4 16. Bxe6 fxe6 17. Kh2 Neg6 18. Ng4 Qf7 19. d4 exd4 20. Nxd4 h5 21. Ne3 Ne5
22. Rf1 Qg6 23. g3 Nfd3 24. f4 h4 25. Ng4 hxg3+ 26. Kxg3 Nxf4 27. Rxf4 Rxf4 28.
Kxf4 Ra8 29. Kg3 Rf8 30. Qe2 c5 31. Rf1 Rxf1 32. Qxf1 cxd4 33. cxd4 Nxg4 34.
hxg4 Qxe4 35. Qc4 Kh7 36. Qc3 Kg6 37. Qb3 Kg5 38. Qd1 Qe3+ 39. Kg2 Kf4 40. Qf1+
Kxg4 41. Qd1+ Kf4 42. Qf1+ Ke4 43. Qf7 Qg5+ 44. Kh1 Qh4+ 45. Kg2 Qg4+ 46. Kh1
Qf3+ 0-1

[Event "PNWCC Masters 2020"]
[Site "chess.com INT"]
[Date "2020.05.23"]
[Round "1.29"]
[White "Wang, Jason"]
[Black "Vega, Isaac"]
[Result "1-0"]
[WhiteTitle "FM"]
[WhiteElo "2312"]
[BlackElo "1735"]
[WhiteFideId "30908124"]
[BlackFideId "30914035"]
[EventDate "2020.05.23"]

1. d4 Nf6 2. c4 g6 3. Nc3 Bg7 4. e4 d6 5. Nf3 O-O 6. h3 e5 7. d5 a5 8. Be3 Na6
9. g4 Nd7 10. a3 Ndc5 11. b4 Nd7 12. Rg1 Kh8 13. h4 f5 14. gxf5 gxf5 15. exf5
Nf6 16. Bh3 Qe8 17. Ng5 Nh5 18. Qb1 h6 19. f6 Nxf6 20. Bxc8 Rxc8 21. Ne6 Rg8 22.
bxa5 Nc5 23. Bxc5 dxc5 24. Qf5 Nd7 25. Ne4 Qe7 26. O-O-O Ra8 27. Rg3 Nf8 28.
Nxg7 Rxg7 29. Rdg1 Rxg3 30. Rxg3 Nh7 31. Qe6 Qxe6 32. dxe6 Rxa5 33. e7 Ra8 34.
Rd3 1-0

[Event "PNWCC Masters 2020"]
[Site "chess.com INT"]
[Date "2020.05.23"]
[Round "1.31"]
[White "Coleman, Teddy"]
[Black "Rao, Anjaneya"]
[Result "1-0"]
[WhiteTitle "IM"]
[WhiteElo "2333"]
[BlackElo "1814"]
[WhiteFideId "2022010"]
[BlackFideId "30954770"]
[EventDate "2020.05.23"]

1. c4 c5 2. Nf3 Nc6 3. e3 Nf6 4. Nc3 g6 5. d4 cxd4 6. exd4 d5 7. cxd5 Nxd5 8.
Bc4 Nb6 9. Be2 e6 10. Bg5 Be7 11. Bh6 Bf6 12. Ne4 Nd5 13. O-O b6 14. Bb5 Bb7 15.
Qa4 Rc8 16. Rac1 a6 17. Bxc6+ Rxc6 18. Rxc6 b5 19. Qc2 Nb4 20. Nxf6+ Qxf6 21.
Rc8+ Kd7 22. Qc7# 1-0

[Event "PNWCC Masters 2020"]
[Site "chess.com INT"]
[Date "2020.05.23"]
[Round "1.32"]
[White "Tu, Lawrence"]
[Black "Tsay, Vincent"]
[Result "0-1"]
[BlackTitle "FM"]
[WhiteElo "1554"]
[BlackElo "2310"]
[WhiteFideId "30935407"]
[BlackFideId "30931835"]
[EventDate "2020.05.23"]

1. c4 e6 2. Nc3 d5 3. cxd5 exd5 4. d4 c6 5. Nf3 Nf6 6. Bg5 Bf5 7. e3 Nbd7 8. Bd3
Bxd3 9. Qxd3 Bd6 10. O-O O-O 11. e4 dxe4 12. Nxe4 Be7 13. Rfe1 h6 14. Bh4 Re8
15. Rad1 Nxe4 16. Rxe4 Bxh4 17. Rxe8+ Qxe8 18. Nxh4 Nf6 19. Nf3 Qe6 20. a3 Re8
21. h3 Qa2 22. Qc3 Nd5 23. Qc2 Nf4 24. Re1 Rxe1+ 25. Nxe1 Qd5 26. Qd2 Qxd4 27.
Qxd4 Ne2+ 28. Kf1 Nxd4 29. Nd3 Kf8 30. Ke1 Ke7 31. Kd2 Ne6 32. Ke3 Kd6 33. g3
Kd5 34. b3 c5 35. h4 b5 36. g4 a5 37. f4 Nd4 38. b4 cxb4 39. axb4 a4 40. h5 a3
41. Nc1 Kc4 42. Ke4 Ne2 0-1

[Event "PNWCC Masters 2020"]
[Site "chess.com INT"]
[Date "2020.05.23"]
[Round "1.33"]
[White "Talukdar, Rohan"]
[Black "Chang, Eddie"]
[Result "1-0"]
[WhiteTitle "FM"]
[WhiteElo "2341"]
[BlackElo "1667"]
[WhiteFideId "2616378"]
[BlackFideId "30960932"]
[EventDate "2020.05.23"]

1. e4 c5 2. Nf3 d6 3. d4 cxd4 4. Nxd4 Nf6 5. Nc3 Nc6 6. f3 e5 7. Nb3 Be7 8. Be3
O-O 9. Qd2 a5 10. Bb5 Na7 11. Bd3 Be6 12. Rd1 Nc8 13. O-O Nb6 14. Rfe1 a4 15.
Qf2 Nc4 16. Bxc4 Bxc4 17. Nc5 Qc7 18. N5xa4 Nd7 19. Nb6 Nxb6 20. Bxb6 Qc6 21. a3
Bh4 22. g3 Bg5 23. Nd5 Bxd5 24. exd5 Qb5 25. c3 Ra6 26. Be3 Bxe3 27. Rxe3 Qb3
28. Rd2 Ra5 29. Re4 Rxd5 30. Rb4 Rxd2 31. Rxb3 Rxf2 32. Kxf2 Rb8 33. Rb6 Kf8 34.
Rxd6 Ke7 35. Rb6 Kd7 36. Ke3 Kc7 37. Rb5 f6 38. Rd5 Kc6 39. c4 Ra8 40. Kd3 g5
41. g4 h5 42. h3 Rh8 43. Ke4 hxg4 44. hxg4 Rh2 45. Kf5 Rxb2 46. Kxf6 Rb3 47.
Rxe5 Rxf3+ 48. Kxg5 Rxa3 49. Kf6 Rc3 50. c5 Rxc5 51. Rxc5+ Kxc5 52. g5 b5 53. g6
b4 54. g7 b3 55. g8=Q Kb4 56. Qg1 Kc3 57. Qb1 1-0

[Event "PNWCC Masters 2020"]
[Site "chess.com INT"]
[Date "2020.05.23"]
[Round "1.34"]
[White "Jiang, Leo"]
[Black "Chasin, Nico"]
[Result "0-1"]
[BlackTitle "FM"]
[WhiteElo "1592"]
[BlackElo "2303"]
[WhiteFideId "30952140"]
[BlackFideId "30908477"]
[EventDate "2020.05.23"]

1. d4 Nf6 2. c4 e6 3. Nf3 d5 4. g3 dxc4 5. Bg2 a6 6. Ne5 c5 7. e3 cxd4 8. exd4
Bb4+ 9. Nc3 Nd5 10. Bxd5 Bxc3+ 11. bxc3 Qxd5 12. Qf3 Qxf3 13. Nxf3 b5 14. O-O
Bb7 15. Nd2 Nd7 16. a4 Nb6 17. axb5 axb5 18. Rxa8+ Bxa8 19. Ba3 Kd7 20. Ra1 Bc6
21. Bc5 Na4 22. Bb4 Re8 23. f4 f6 24. Re1 Nb2 25. Ra1 Ra8 26. Rxa8 Bxa8 27. Kf1
Nd3 28. Bf8 b4 29. Bxb4 Nxb4 30. cxb4 c3 31. Nb3 Bd5 32. Nc5+ Kc6 33. Ke2 Bc4+
34. Kd1 Kd5 35. Kc2 Kxd4 36. h4 e5 37. fxe5 fxe5 38. Na4 Bd3+ 39. Kd1 e4 40. Nb6
e3 0-1

[Event "PNWCC Masters 2020"]
[Site "chess.com INT"]
[Date "2020.05.23"]
[Round "1.35"]
[White "Zhou, Liran"]
[Black "Li, David Xinjian"]
[Result "1-0"]
[WhiteTitle "FM"]
[WhiteElo "2351"]
[BlackElo "1672"]
[WhiteFideId "30931967"]
[BlackFideId "30926319"]
[EventDate "2020.05.23"]

1. e4 c5 2. Nf3 d6 3. d4 cxd4 4. Nxd4 Nf6 5. Nc3 g6 6. Be3 Bg7 7. f3 O-O 8. Qd2
Nc6 9. Bc4 Ne5 10. Bb3 Bd7 11. O-O-O Qa5 12. Kb1 Rfc8 13. h4 h5 14. Bh6 Rxc3 15.
Bxg7 Kxg7 16. Qxc3 Qxc3 17. bxc3 Rc8 18. Kb2 a5 19. a3 b5 20. Rhe1 Rb8 21. Rd2
b4 22. cxb4 axb4 23. a4 Ra8 24. Ra1 Ra5 25. Rdd1 Be8 26. Ne2 Nfd7 27. Nf4 Nc5
28. Nd5 Kf8 29. Nxb4 Bxa4 30. Rd4 Ned7 31. Nd5 e5 32. Rdxa4 Nxa4+ 33. Rxa4 Rxa4
34. Bxa4 Nc5 35. Bb5 Kg7 36. Bd3 f6 37. Kc3 Kf7 38. Kc4 Ke6 39. Kb5 Kf7 40. Kc6
Ke6 41. Bc4 Kf7 42. Kxd6 Nb7+ 43. Kc7 Na5 44. Ba2 Kg7 45. Kb6 Kh6 46. Kxa5 Kg7
47. c4 Kf8 48. c5 Kg7 49. c6 g5 50. hxg5 fxg5 51. c7 g4 52. c8=Q h4 53. Qxg4+
Kf8 54. Nf6 h3 55. Qg8+ Ke7 56. Qe6+ Kd8 57. Qd7# 1-0

[Event "PNWCC Masters 2020"]
[Site "chess.com INT"]
[Date "2020.05.23"]
[Round "1.36"]
[White "Feng, Andrew"]
[Black "Costello, Alexander"]
[Result "0-1"]
[BlackTitle "IM"]
[WhiteElo "1484"]
[BlackElo "2258"]
[WhiteFideId "30943256"]
[BlackFideId "2099659"]
[EventDate "2020.05.23"]

1. e4 c5 2. Nf3 e6 3. d4 cxd4 4. Nxd4 Nc6 5. Nc3 Qc7 6. Nb3 Nf6 7. Bd3 a6 8. O-O
Be7 9. Qe2 O-O 10. f4 d6 11. Bd2 b5 12. Rae1 b4 13. Nd1 Nd7 14. f5 Nde5 15. Ne3
a5 16. Ng4 Nxg4 17. Qxg4 Bf6 18. Bg5 exf5 19. exf5 Ne5 20. Qg3 Nd7 21. Nd2 Bb7
22. Nc4 Bxg5 23. Qxg5 f6 24. Qg3 Ne5 25. Rf4 Bd5 26. Nxe5 dxe5 27. Rh4 Ra7 28.
Qh3 h6 29. Rg4 Kh7 30. Re3 e4 31. Bxe4 Bxe4 32. Rgxe4 Qxc2 33. Qg3 Qc1+ 34. Re1
Qc5+ 35. Qe3 Rc7 36. Qxc5 Rxc5 37. g4 Rd8 38. R1e2 h5 39. h3 Rd3 40. Kg2 Kh6 41.
Re8 hxg4 42. hxg4 Rc4 43. R8e4 Rxe4 44. Rxe4 Rd2+ 45. Kf3 Rxb2 46. Re8 Kh7 47.
g5 fxg5 48. Kg4 Rxa2 49. Kxg5 Rg2+ 50. Kh5 b3 51. Rb8 b2 52. Kh4 a4 53. Kh3 Rc2
54. Kg3 a3 55. Kf3 a2 0-1

[Event "PNWCC Masters 2020"]
[Site "chess.com INT"]
[Date "2020.05.23"]
[Round "1.37"]
[White "Vivekananthan, Anish"]
[Black "Jones, Davey"]
[Result "1-0"]
[WhiteTitle "FM"]
[WhiteElo "2239"]
[BlackElo "1593"]
[WhiteFideId "2090775"]
[BlackFideId "2088053"]
[EventDate "2020.05.23"]

1. Nf3 Nf6 2. c4 c5 3. g3 d5 4. cxd5 Nxd5 5. Nc3 Nc7 6. Bg2 Nc6 7. O-O e5 8. a3
f6 9. Rb1 Bf5 10. d3 Be6 11. Be3 Rb8 12. Ne4 b6 13. b4 cxb4 14. axb4 Qd7 15. Qa4
Be7 16. b5 Na5 17. d4 exd4 18. Nxd4 Bf7 19. Nc6 Nxc6 20. bxc6 Qc8 21. Qxa7 O-O
22. Bf4 Nd5 23. Bxb8 Qxb8 24. Qxb8 Rxb8 25. Rfc1 Rc8 26. Nc3 Nxc3 27. Rxc3 Bc5
28. Rbc1 Rc7 29. Rxc5 bxc5 30. Rxc5 Kf8 31. Rb5 Ke7 32. Rb7 Kd6 33. Be4 h6 34.
f4 Be8 35. Kf2 Bf7 36. Ke3 Bc4 37. Bf3 Ba6 38. Rb6 Re7+ 39. Kd4 Bc8 40. Rb8 Kc7
41. Ra8 Be6 42. Ra7+ Kd6 43. Rxe7 Kxe7 44. Kc5 Kd8 45. Kb6 Kc8 46. c7 f5 47.
Bb7+ 1-0

[Event "PNWCC Masters 2020"]
[Site "chess.com INT"]
[Date "2020.05.23"]
[Round "1.38"]
[White "Xu, Jayden"]
[Black "Morefield, Jason"]
[Result "0-1"]
[BlackTitle "FM"]
[WhiteElo "1683"]
[BlackElo "2227"]
[WhiteFideId "30941423"]
[BlackFideId "30920825"]
[EventDate "2020.05.23"]

1. d4 Nf6 2. c4 b6 3. Nf3 e6 4. Nc3 Bb7 5. Bg5 h6 6. Bh4 Be7 7. e3 c5 8. Bd3
cxd4 9. exd4 Nc6 10. O-O O-O 11. Bg3 d5 12. Qd2 Rc8 13. Rad1 Nb4 14. cxd5 Nxd3
15. Qxd3 Nxd5 16. Nxd5 Qxd5 17. b3 Bb4 18. Rc1 Qa5 19. Rc4 Ba6 20. Rfc1 Bxc4 21.
Rxc4 Rxc4 22. Qxc4 Be7 23. a4 Qd5 24. Ne5 Qxc4 25. bxc4 Rc8 26. h4 f6 27. Ng6
Kf7 28. Nf4 Rxc4 29. d5 exd5 30. Nxd5 Rxa4 0-1

[Event "PNWCC Masters 2020"]
[Site "chess.com INT"]
[Date "2020.05.23"]
[Round "1.39"]
[White "Estrada Nieto, Julian"]
[Black "Ho, Carter"]
[Result "1-0"]
[WhiteTitle "IM"]
[WhiteElo "2280"]
[BlackElo "1415"]
[WhiteFideId "5101018"]
[BlackFideId "30965292"]
[EventDate "2020.05.23"]

1. e4 e5 2. Nf3 Nc6 3. Bb5 a6 4. Ba4 Nf6 5. O-O Be7 6. d3 b5 7. Bb3 d6 8. a3 O-O
9. Nc3 Na5 10. Ba2 c5 11. Nd5 Nxd5 12. Bxd5 Bb7 13. Bxb7 Nxb7 14. a4 Qd7 15. c3
Rfb8 16. Be3 Nd8 17. axb5 axb5 18. Qb3 Ne6 19. h3 Qc6 20. Rfd1 b4 21. Qc4 Rxa1
22. Rxa1 bxc3 23. bxc3 Qb5 24. Nd2 Qd7 25. Qd5 Nc7 26. Qc4 d5 27. exd5 Qxd5 28.
Ra7 Qc6 29. Ne4 Nd5 30. Bxc5 Bxc5 31. Nxc5 Qd6 32. Rd7 Rb1+ 33. Kh2 Qb8 34. Qxd5
e4+ 35. g3 1-0

[Event "PNWCC Masters 2020"]
[Site "chess.com INT"]
[Date "2020.05.23"]
[Round "1.40"]
[White "Levine, Owen"]
[Black "Easton, Jack"]
[Result "0-1"]
[WhiteElo "1574"]
[BlackElo "2175"]
[WhiteFideId "30970423"]
[BlackFideId "30900069"]
[EventDate "2020.05.23"]

1. e4 c5 2. Nf3 Nc6 3. d4 cxd4 4. Nxd4 Nf6 5. Nc3 e5 6. Ndb5 d6 7. Bg5 a6 8. Na3
b5 9. Nd5 Be7 10. Bxf6 Bxf6 11. c3 O-O 12. Nc2 Rb8 13. Be2 Bg5 14. O-O Be6 15.
Ncb4 Nxb4 16. Nxb4 Qb6 17. a4 a5 18. Nd3 Rfd8 19. Bg4 d5 20. Nxe5 dxe4 21. Qe2
f5 22. Bh3 Bf6 23. Qxb5 Qxb5 24. axb5 Bxe5 25. Rxa5 Bc7 26. Ra7 Bb6 27. Re7 Bc4
28. Re1 g6 29. g4 Rd2 30. Kh1 Bxf2 31. Ra1 Be2 32. Bg2 Bxg4 33. h3 Bf3 34. Bxf3
exf3 35. b4 Rbd8 36. c4 f4 37. h4 Bg3 38. Ree1 Rh2+ 39. Kg1 f2+ 40. Kf1 Rh1+ 41.
Ke2 Rxe1+ 42. Rxe1 fxe1=Q+ 43. Kf3 Rd3+ 44. Kg4 Qe6+ 45. Kg5 Bxh4+ 46. Kxh4 Rh3+
47. Kg5 Qf5# 0-1

[Event "PNWCC Masters 2020"]
[Site "chess.com INT"]
[Date "2020.05.23"]
[Round "1.41"]
[White "Ghazarian, Kirk"]
[Black "Harish, Neeraj"]
[Result "1-0"]
[WhiteElo "2181"]
[BlackElo "1472"]
[WhiteFideId "30908604"]
[BlackFideId "30958130"]
[EventDate "2020.05.23"]

1. e4 c5 2. Nf3 Nc6 3. Bb5 g6 4. Bxc6 dxc6 5. d3 Bg7 6. h3 e5 7. Be3 b6 8. Nbd2
Ne7 9. a4 O-O 10. a5 Be6 11. O-O h6 12. axb6 axb6 13. Rxa8 Qxa8 14. Nc4 Bxc4 15.
dxc4 Rd8 16. Qc1 Kh7 17. Re1 f5 18. Bd2 f4 19. Bc3 Qb8 20. b3 Qd6 21. Qa1 g5 22.
Nxe5 Bxe5 23. Bxe5 Qe6 24. f3 Ng6 25. Bc3 h5 26. Rd1 Rf8 27. Qa7+ Rf7 28. Qxb6
g4 29. Qxc5 Kh6 30. Rd6 Qe8 31. hxg4 hxg4 32. fxg4 1-0

[Event "PNWCC Masters 2020"]
[Site "chess.com INT"]
[Date "2020.05.23"]
[Round "1.42"]
[White "Yang, Maxwell"]
[Black "Park, Evan"]
[Result "0-1"]
[WhiteElo "1075"]
[BlackElo "2146"]
[WhiteFideId "30965268"]
[BlackFideId "30931142"]
[EventDate "2020.05.23"]

1. e4 g6 2. d4 Bg7 3. Nf3 d6 4. Nc3 a6 5. Bf4 b5 6. Qd2 Bb7 7. Be2 Nd7 8. O-O c5
9. d5 b4 10. Nd1 Ngf6 11. Bd3 O-O 12. c4 bxc3 13. Nxc3 Ng4 14. h3 Nge5 15. Nxe5
Nxe5 16. b3 Qa5 17. Rac1 Rfc8 18. Be2 Qb4 19. Na4 Qxd2 20. Bxd2 Rf8 21. Nb6 Rad8
22. Ba5 f5 23. f4 Nd7 24. Bf3 fxe4 25. Bxe4 Nxb6 26. Bxb6 Rde8 27. Rce1 Bc3 28.
Re2 Ba8 29. Rf3 Bb4 30. a3 Bxa3 31. Ba5 Bb4 32. Bxb4 cxb4 33. g3 Rc8 34. Kf2 Rc5
35. Rd3 Rfc8 36. Red2 Rc3 37. Ke2 Rxd3 38. Rxd3 Rc5 39. Kd2 e6 40. Bf3 Bxd5 41.
Bxd5 exd5 42. g4 Kf7 43. h4 Kf6 44. Rd4 a5 45. Rd3 h5 46. gxh5 gxh5 47. Rg3 d4
48. Rg5 Rf5 49. Kd3 d5 50. Kxd4 Rxf4+ 51. Kxd5 Rf5+ 52. Rxf5+ Kxf5 53. Kc4 Kg4
54. Kb5 Kxh4 55. Kxa5 Kg3 56. Kxb4 h4 57. Kc5 h3 58. b4 h2 59. b5 h1=Q 60. b6
Qb7 61. Kb5 Kf4 62. Kc5 Ke5 63. Kb5 Kd5 64. Ka5 Kc4 65. Ka4 Qa6# 0-1

[Event "PNWCC Masters 2020"]
[Site "chess.com INT"]
[Date "2020.05.23"]
[Round "2.1"]
[White "Nguyen, Duc Hoa"]
[Black "Xiong, Jeffery"]
[Result "0-1"]
[WhiteTitle "GM"]
[BlackTitle "GM"]
[WhiteElo "2406"]
[BlackElo "2709"]
[WhiteFideId "12401358"]
[BlackFideId "2047640"]
[EventDate "2020.05.23"]

1. d4 d5 2. c4 dxc4 3. e3 Nf6 4. Bxc4 e6 5. Nf3 c5 6. O-O Nc6 7. Qe2 a6 8. Rd1
b5 9. d5 exd5 10. Bxd5 Nxd5 11. e4 Qe7 12. Rxd5 Be6 13. Rd1 Bg4 14. Nc3 Nd4 15.
Rxd4 cxd4 16. Nd5 Qd8 17. a4 Bd6 18. e5 Bxf3 19. Qxf3 Bxe5 20. Bf4 Bxf4 21. Re1+
Kf8 22. Nxf4 Kg8 23. Nd5 Ra7 24. Qg3 Kf8 25. Qa3+ Kg8 26. Qg3 Kf8 27. Qa3+ Kg8
28. Re7 h5 29. Rxa7 Qxd5 30. Rxa6 bxa4 31. Rd6 Qe4 32. h4 Qe1+ 33. Kh2 Qxf2 34.
Qg3 Qxb2 35. Rd7 Qb5 36. Qc7 Rh6 37. Rxf7 Rg6 38. Rf2 Qd5 39. Qb8+ Kh7 40. g3
Qd6 41. Qxd6 Rxd6 42. Rd2 d3 43. Kg2 a3 0-1

[Event "PNWCC Masters 2020"]
[Site "chess.com INT"]
[Date "2020.05.23"]
[Round "2.2"]
[White "Vitiugov, Nikita"]
[Black "Daggupati, Balaji"]
[Result "1-0"]
[WhiteTitle "GM"]
[BlackTitle "FM"]
[WhiteElo "2722"]
[BlackElo "2331"]
[WhiteFideId "4152956"]
[BlackFideId "2090759"]
[EventDate "2020.05.23"]

1. d4 d5 2. Nf3 Nf6 3. Bf4 c5 4. e3 Nc6 5. Nbd2 cxd4 6. exd4 Bg4 7. c3 e6 8. Qb3
Qc8 9. Bd3 Be7 10. O-O O-O 11. Rfe1 Bh5 12. Ne5 Nxe5 13. Bxe5 Bg6 14. Bf1 Ne4
15. Nxe4 Bxe4 16. f3 Bg6 17. c4 dxc4 18. Bxc4 Qc6 19. Rac1 Rac8 20. Rc3 Qb6 21.
Rec1 Bb4 22. Bxe6 Rcd8 23. Rc7 Bd2 24. Qxb6 axb6 25. Rd1 Be3+ 26. Kf1 Kh8 27.
Ke2 Rfe8 28. Bd7 Re7 29. Ba4 Bg5 30. Rxe7 Bxe7 31. d5 Bd6 32. Bxd6 Rxd6 33. Ke3
Kg8 34. Kd4 Kf8 35. Rc1 Bf5 36. Ke5 Rf6 37. g4 b5 38. Bxb5 Rb6 39. a4 1-0

[Event "PNWCC Masters 2020"]
[Site "chess.com INT"]
[Date "2020.05.23"]
[Round "2.3"]
[White "Leiva, Giuseppe"]
[Black "Oparin, Grigoriy"]
[Result "0-1"]
[WhiteTitle "IM"]
[BlackTitle "GM"]
[WhiteElo "2391"]
[BlackElo "2652"]
[WhiteFideId "3804399"]
[BlackFideId "24125890"]
[EventDate "2020.05.23"]

1. d4 d5 2. c4 e6 3. Nf3 Nf6 4. g3 Bb4+ 5. Bd2 Be7 6. Bg2 O-O 7. O-O c6 8. Qc2
Nbd7 9. Bf4 b6 10. cxd5 cxd5 11. Nc3 Nh5 12. Ne5 Bb7 13. Qa4 Nxe5 14. dxe5 Nxf4
15. Qxf4 Rc8 16. Rfd1 a5 17. e3 Ba6 18. Bf1 Bxf1 19. Kxf1 Qd7 20. Qa4 Qb7 21.
Ne2 Rc4 22. Qb3 Rfc8 23. Rac1 Rb4 24. Rxc8+ Qxc8 25. Rc1 Qb8 26. Qc3 Rc4 27. Qb3
b5 28. f4 Qb7 29. Qd1 Rxc1 30. Qxc1 d4 31. exd4 Qf3+ 32. Ke1 Bb4+ 33. Nc3 Qh1+
34. Kd2 Qxh2+ 35. Kd1 Qxg3 36. a3 Bxc3 37. Qxc3 Qxc3 38. bxc3 Kf8 39. Kc2 h5 40.
Kd3 Ke7 41. Ke4 g6 42. Kf3 Kd7 43. f5 gxf5 44. Kg3 Kc6 45. Kh4 f4 0-1

[Event "PNWCC Masters 2020"]
[Site "chess.com INT"]
[Date "2020.05.23"]
[Round "2.4"]
[White "Kuzubov, Yuriy"]
[Black "Wang, Jason"]
[Result "1-0"]
[WhiteTitle "GM"]
[BlackTitle "FM"]
[WhiteElo "2643"]
[BlackElo "2312"]
[WhiteFideId "14112906"]
[BlackFideId "30908124"]
[EventDate "2020.05.23"]

1. Nf3 d5 2. g3 Bg4 3. Bg2 Nd7 4. d3 Ngf6 5. Nbd2 c6 6. O-O e5 7. e4 Bd6 8. h3
Bh5 9. Qe1 O-O 10. Nh4 Re8 11. a4 Nc5 12. a5 Qc7 13. Kh1 Rad8 14. b3 Ne6 15.
Ndf3 Nc5 16. Nh2 Ne6 17. Nf5 Bf8 18. Be3 c5 19. Qb1 dxe4 20. dxe4 Be2 21. Re1
Bb5 22. c4 Bc6 23. Bc1 b5 24. axb6 Bb5 25. bxc7 1-0

[Event "PNWCC Masters 2020"]
[Site "chess.com INT"]
[Date "2020.05.23"]
[Round "2.5"]
[White "Kumar, Nikhil"]
[Black "Sevian, Samuel"]
[Result "0-1"]
[WhiteTitle "FM"]
[BlackTitle "GM"]
[WhiteElo "2328"]
[BlackElo "2660"]
[WhiteFideId "30909040"]
[BlackFideId "2040506"]
[EventDate "2020.05.23"]

1. Nf3 Nf6 2. d4 g6 3. e3 Bg7 4. Be2 O-O 5. O-O d6 6. c4 Nbd7 7. Nc3 e5 8. Qc2
Re8 9. Rd1 e4 10. Nd2 Qe7 11. b4 Nf8 12. Bb2 h5 13. Rac1 Bf5 14. d5 N8h7 15. c5
a6 16. Nc4 Rad8 17. Na5 Rb8 18. Na4 Ng4 19. Bxg7 Kxg7 20. Qc3+ Kh6 21. cxd6 cxd6
22. Qc7 Qf6 23. Nb6 Ng5 24. Nxb7 Rxb7 25. Qxb7 Bc8 26. Bxg4 Bxb7 27. Bd7 Rb8 28.
a4 h4 29. h3 Qb2 30. Rb1 Qe5 31. Rbc1 Nh7 32. Bc6 Nf6 33. Rd4 g5 34. Nc4 Qe7 35.
Nd2 Bc8 36. b5 axb5 37. Bxb5 g4 38. Rdc4 Bf5 39. Rc7 Qf8 40. hxg4 Bxg4 41. Bf1
Nxd5 42. R7c4 f5 43. a5 h3 44. g3 Kg5 45. Rd4 h2+ 46. Kh1 Nf6 47. a6 Rb2 48. Ra1
Rxd2 49. f4+ exf3 50. Rxd2 Ne4 51. Rxh2 Qe7 52. a7 Nxg3+ 0-1

[Event "PNWCC Masters 2020"]
[Site "chess.com INT"]
[Date "2020.05.23"]
[Round "2.6"]
[White "Postny, Evgeny"]
[Black "Coleman, Teddy"]
[Result "1-0"]
[WhiteTitle "GM"]
[BlackTitle "IM"]
[WhiteElo "2600"]
[BlackElo "2333"]
[WhiteFideId "2804344"]
[BlackFideId "2022010"]
[EventDate "2020.05.23"]

1. d4 d5 2. c4 e6 3. Nf3 Nf6 4. g3 dxc4 5. Bg2 Nc6 6. O-O Rb8 7. Nc3 b5 8. Ne5
Nxe5 9. dxe5 Nd7 10. Qd4 c5 11. Qf4 Qc7 12. a4 a6 13. axb5 axb5 14. Rd1 Be7 15.
Qg4 Kf8 16. Bg5 Bxg5 17. Qxg5 h6 18. Qe3 Nxe5 19. Ne4 Nd7 20. Nd6 Nf6 21. Qe5
Ne8 22. f4 Nxd6 23. Rxd6 f6 24. Rc6 Qxe5 25. fxe5 Kf7 26. Ra7+ Kg6 27. Rxc5 Rg8
28. Be4+ f5 29. Bf3 Kh7 30. h4 Rd8 31. Rcc7 Rg8 32. Bh5 Kh8 33. Bf7 Rd8 34. Bg6
b4 35. Rxg7 c3 36. Rh7+ Kg8 37. Rag7+ Kf8 38. Bf7 Rd1+ 39. Kf2 c2 40. Rg8+ 1-0